| 000 | 00734cam a2200241 i 4500 | ||
|---|---|---|---|
| 005 | 20260322212034.0 | ||
| 008 | data | ||
| 010 | _a 72095447 //r902 | ||
| 020 | _a0960029036 | ||
| 020 | _a9780960029037 | ||
| 040 |
_aDLC _cDLC _dYUS |
||
| 049 | _aYU31 | ||
| 050 | 0 | 0 |
_aBF209.L9 _bS26 |
| 096 | _aWM 270 Sa581 1975 | ||
| 100 | 1 |
_aSankar, D. V. Siva, _d1927- |
|
| 245 | 1 | 0 |
_aLSD : _ba total study / _cD. V. Siva Sankar, collaborating authors, Harold Abramson ... [et al.]. |
| 260 |
_aWestbury, N.Y. : _bPJD Publications, _c[1975] |
||
| 300 |
_a960 p. : _bill. ; _c24 cm. |
||
| 504 | _aIncludes bibliographical references and indexes. | ||
| 590 | _aIncludes bibliographical references and indexes. | ||
| 650 | 0 | _aLSD (Drug) | |
| 001 | data | ||
| 999 |
_c790 _d790 |
||